Welcome to CU Library Online Public Access Catalogue (OPAC)

Framework for credit risk management (Record no. 3805)

MARC details
000 -LEADER
fixed length control field 00387nam a22001457a 4500
005 - DATE AND TIME OF LATEST TRANSACTION
control field 20250211114225.0
008 - FIXED-LENGTH DATA ELEMENTS--GENERAL INFORMATION
fixed length control field 250211b |||||||| |||| 00| 0 eng d
020 ## - INTERNATIONAL STANDARD BOOK NUMBER
International Standard Book Number 9780852974490
050 ## - LIBRARY OF CONGRESS CALL NUMBER
Classification number HG3879
Item number COY
100 ## - MAIN ENTRY--PERSONAL NAME
Personal name Coy,Braim
245 ## - TITLE STATEMENT
Title Framework for credit risk management
260 ## - PUBLICATION, DISTRIBUTION, ETC.
Place of publication, distribution, etc. London
Name of publisher, distributor, etc. The Chartered Institute of Babkers
Date of publication, distribution, etc. c2000
300 ## - PHYSICAL DESCRIPTION
Extent 137p
942 ## - ADDED ENTRY ELEMENTS (KOHA)
Source of classification or shelving scheme Library of Congress Classification
Koha item type Books
Suppress in OPAC No
999 ## -
-- 3805
-- 3805
Holdings
Withdrawn status Lost status Source of classification or shelving scheme Damaged status Not for loan Collection Home library Current library Shelving location Date acquired Total checkouts Full call number Barcode Date last seen Copy number Price effective from Koha item type
    Library of Congress Classification     Non-fiction Undergraduate Library (Christ Temple) Undergraduate Library (Christ Temple) General stacks 02/11/2025   HG3879 COY ulct00001153 02/11/2025 1 02/11/2025 Books
© 2023-2024 Copyright: Central University Libraries. All Rights Reserved | Created by: Mahone Tech Office